| 000 | 00705nam a22001937a 4500 | ||
|---|---|---|---|
| 005 | 20151212020002.0 | ||
| 008 | 140117b2006 ne il. | |||| 00| 0 spa d | ||
| 020 | _a9780120887668 | ||
| 041 | _aeng | ||
| 082 | 0 | 0 |
_a591.7 _bM47o |
| 245 | 0 | 0 |
_aOccupancy estimation and modeling : _binferring patterns and dynamics of species / _cDarryl I. MacKenzie ... [et al]. |
| 260 |
_aAmsterdam _aBoston _bElsevier _cc2006 |
||
| 300 |
_axviii, 324 p. _bil., mapas _c24 cm. |
||
| 504 | _aIncluye referencias bibliográficas (p. 293-312). | ||
| 650 | 0 |
_a Animal populations _xEstimates. _94111 |
|
| 650 | 0 |
_aAnimal populations _xMathematical models. _94110 |
|
| 700 | 1 |
_aMacKenzie, Darryl I. _94118 |
|
| 942 |
_2ddc _cImpreso _01 |
||
| 999 |
_c8097 _d8097 |
||